Изучение процессов десорбции газов из дисперсных порошков неорганических материалов масс-спектрометрическим методом; Известия Томского политехнического университета [Известия ТПУ]; Т. 306, № 2
| Parent link: | Известия Томского политехнического университета [Известия ТПУ]/ Томский политехнический университет (ТПУ).— , 2000- Т. 306, № 2.— 2003.— [С. 75-77] |
|---|---|
| Autore principale: | |
| Altri autori: | |
| Riassunto: | Заглавие с титульного листа Электронная версия печатной публикации Приведены методика и результаты исследований процессов десорбции газов из дисперсных материалов на основе железа и никеля и сложных оксидов металлов CoO:Al2O3:ZnO:P2O5, CoO:NiO:MnO2:CeO2 масс-спектрометрическим методом. Определен количественный и качественный состав выделившихся газов, основные формы адсорбции газов на поверхности ультрадисперсных порошков. |
| Lingua: | russo |
| Pubblicazione: |
2003
|
| Serie: | Технические науки |
| Soggetti: | |
| Accesso online: | http://www.lib.tpu.ru/fulltext/v/Bulletin_TPU/2003/v306/i2/17.pdf |
| Natura: | MixedMaterials Elettronico Capitolo di libro |
| KOHA link: | https://koha.lib.tpu.ru/cgi-bin/koha/opac-detail.pl?biblionumber=167310 |
MARC
| LEADER | 00000nla2a2200000 4500 | ||
|---|---|---|---|
| 001 | 167310 | ||
| 005 | 20231031162747.0 | ||
| 035 | |a (RuTPU)RU\TPU\book\181508 | ||
| 035 | |a RU\TPU\book\181507 | ||
| 090 | |a 167310 | ||
| 100 | |a 20091014d2003 k y0rusy50 ca | ||
| 101 | 0 | |a rus | |
| 102 | |a RU | ||
| 135 | |a drnn ---uucaa | ||
| 181 | 0 | |a i | |
| 182 | 0 | |a b | |
| 200 | 1 | |a Изучение процессов десорбции газов из дисперсных порошков неорганических материалов масс-спектрометрическим методом |b Электронный ресурс |f В. А. Власов, Д. В. Савостиков | |
| 203 | |a Текст |c электронный | ||
| 215 | |a 1 файл (275 Кб) | ||
| 225 | 1 | |a Технические науки | |
| 230 | |a Электронные текстовые данные (1 файл : 275 Кб) | ||
| 300 | |a Заглавие с титульного листа | ||
| 300 | |a Электронная версия печатной публикации | ||
| 320 | |a [Библиогр.: с. 77 (6 назв.)] | ||
| 330 | |a Приведены методика и результаты исследований процессов десорбции газов из дисперсных материалов на основе железа и никеля и сложных оксидов металлов CoO:Al2O3:ZnO:P2O5, CoO:NiO:MnO2:CeO2 масс-спектрометрическим методом. Определен количественный и качественный состав выделившихся газов, основные формы адсорбции газов на поверхности ультрадисперсных порошков. | ||
| 337 | |a Adobe Reader | ||
| 461 | 1 | |0 (RuTPU)RU\TPU\book\176237 |t Известия Томского политехнического университета [Известия ТПУ] |f Томский политехнический университет (ТПУ) |d 2000- | |
| 463 | 1 | |0 (RuTPU)RU\TPU\book\181329 |t Т. 306, № 2 |f под ред. В. А. Власова |v [С. 75-77] |d 2003 |p 179 с. | |
| 610 | 1 | |a десорбция | |
| 610 | 1 | |a газы | |
| 610 | 1 | |a дисперсные порошки | |
| 610 | 1 | |a неорганические материалы | |
| 610 | 1 | |a масс-спектрометрические методы | |
| 610 | 1 | |a дисперсные материалы | |
| 610 | 1 | |a железо | |
| 610 | 1 | |a никель | |
| 610 | 1 | |a оксиды металлов | |
| 610 | 1 | |a адсорбция | |
| 610 | 1 | |a ультрадисперсные порошки | |
| 610 | 1 | |a труды учёных ТПУ | |
| 610 | 1 | |a электронный ресурс | |
| 700 | 1 | |a Власов |b В. А. |c российский ученый |c профессор Томского политехнического университета |c заслуженный деятель науки и техники РФ |f 1958- |g Виктор Алексеевич |2 stltpush |3 (RuTPU)RU\TPU\pers\21954 | |
| 701 | 1 | |a Савостиков |b Д. В. |g Дмитрий Викторович | |
| 801 | 1 | |a RU |b 63413507 |c 20090623 |g PSBO | |
| 801 | 2 | |a RU |b 63413507 |c 20210513 |g PSBO | |
| 856 | 4 | |u http://www.lib.tpu.ru/fulltext/v/Bulletin_TPU/2003/v306/i2/17.pdf | |
| 942 | |c CF | ||